Zgadnij o jakie miasto w Polsce chodzi cz.3 - Statystyki

Ogólne statystyki
  • Ten quiz został rozwiązany 5 razy
  • Średni wynik to 3 z 10
Statystyki odpowiedzi
Pytanie Odpowiedź % Poprawnych
Najmniej ludne miasto powiatowe w Polsce Sejny
80%
Które miasto jest znane z pomników chomików europejskich Jaworzno
60%
Miasto z największym placem rynkowym w Polsce Olecko
60%
Miasto, które w 1934 roku wchłonęło miejscowość Michałowo - siedzibę historycznej ziemi michałowskiej Brodnica
20%
Jedno z najstarszych miast Śląska - dwukrotnie każdego roku odbywa się tutaj Międzynarodowy Turniej Rycerski Byczyna
20%
Na terenie tego miasta znajdują się jeziora Świętokrzyskie i Winiary Gniezno
20%
Jedyne niepowiatowe miasto prezydenckie Knurów
20%
Jedyne miasto powiatowe w woj. mazowieckim, nieposiadające Urzędu Skarbowego Ożarów Mazowiecki
20%
Stolica województwa pomorskiego w latach 1613–1772 Skarszewy
20%
Według legendy pod rynkiem tego miasta są lochy, które dawniej uchodziły za schronienie mieszkańcom miasta przed najazdami tatarskimi i szwedzkimi Słomniki
20%
Nie znaleziono quizów pasujących do podanych kryteriów
Rozkład punktacji
Procent ludzi z każdym wynikiem
Percentyl według liczby udzielonych odpowiedzi
Twoja historia wyników
Nie rozwiązałeś tego quizu